000
00297nam a22001217a 4500
008
160510b xxu||||| |||| 00| 0 eng d
020
_a
9780077390600
020
_a
9780077390600
041
_a
eng
080
_a
61
245
_a
Computers in themedical office:
_c
Susan M.Sanderson;
942
_2
udc
_c
BK
999
_c
2000
_d
2000